000 00703nam a2200241Ia 4500
003 OSt
005 20220926005210.0
006 a|||||r|||| 00| 0
007 ta
008 220923b |||||||| |||| 00| 0 eng d
020 _a0803984162
037 _cGeneral Book
040 _aRTL
_cRTL
_beng
041 _2eng
_aeng
082 _aY9(x), N0/TD
100 _aMartinelli A
_9309837
245 0 _aEconomy and society overviews in economics sociology
260 _a New Delhi
_bSage Publications
_c1990
300 _aviii,328p.
_ccm.
700 _a Smelser N J Ed.
_9309838
942 _hY9(x), N0/TD
_cGB
_2CC
999 _c613138
_d613138